|
|
|
|
| LEADER |
00000cam a2200000 7i4500 |
| 001 |
0000137794 |
| 005 |
20201210.0 |
| 008 |
200915t2020 my a x f may d |
| 020 |
|
|
|a 9789672397052 (set)
|
| 020 |
|
|
|a 9789672397120
|
| 040 |
|
|
|a PERPUSTAM
|b eng
|c PERPUSTAM
|e rda
|
| 090 |
0 |
0 |
|a J 499.2386
|b RUZ
|
| 100 |
0 |
|
|a Ruzaini Ahmad ,
|d 1986- ,
|e author
|
| 245 |
1 |
0 |
|a MAKAN APA HARI INI?
|c Ruzaini Ahmad
|
| 264 |
|
1 |
|a Kuching, Sarawak :
|b Anugerah Publications
|c [2020?]
|
| 300 |
|
|
|a 30 pages :
|b colour illustrations ;
|c 26 cm.
|
| 336 |
|
|
|a text
|2 rdacontent
|
| 337 |
|
|
|a unmediated
|2 rdamedia
|
| 338 |
|
|
|a volume
|2 rdacarrier
|
| 490 |
1 |
|
|a Bacaan Pertamaku
|
| 650 |
1 |
0 |
|a Malay language
|v Readers
|
| 650 |
2 |
0 |
|a Children's stories, Malay
|
| 650 |
2 |
0 |
|a Reading (Elementary)
|
| 830 |
|
0 |
|a Bacaan pertamaku
|
| 999 |
|
|
|a 0000665050
|b Buku
|c Koleksi Pinjaman Kanak-Kanak
|e Perbadanan Perpustakaan Awam Melaka
|
| 999 |
|
|
|a 0000665051
|b Buku
|c Koleksi Pinjaman Kanak-Kanak
|e Perpustakaan Cawangan Jasin
|
| 999 |
|
|
|a 0000665052
|b Buku
|c Koleksi Pinjaman Kanak-Kanak
|e Perpustakaan Cawangan Masjid Tanah
|
| 999 |
|
|
|a 0000665053
|b Buku
|c Koleksi Pinjaman Kanak-Kanak
|e Perpustakaan Cawangan Merlimau
|
| 999 |
|
|
|a 0000665054
|b Buku
|c Koleksi Pinjaman Kanak-Kanak
|e Perbadanan Perpustakaan Awam Melaka
|
| 999 |
|
|
|a 0000665055
|b Buku
|c Koleksi Pinjaman Kanak-Kanak
|e Perbadanan Perpustakaan Awam Melaka
|
| 999 |
|
|
|a 0000665056
|b Buku
|c Koleksi Pinjaman Kanak-Kanak
|e Perpustakaan Komuniti UTC Melaka
|
| 999 |
|
|
|a 0000665057
|b Buku
|c Koleksi Pinjaman Kanak-Kanak
|e Perbadanan Perpustakaan Awam Melaka
|
| 999 |
|
|
|a 0000665058
|b Buku
|c Koleksi Pinjaman Kanak-Kanak
|e Perbadanan Perpustakaan Awam Melaka
|
| 999 |
|
|
|a 0000665059
|b Buku
|c Koleksi Pinjaman Kanak-Kanak
|e Perbadanan Perpustakaan Awam Melaka
|
| 999 |
|
|
|a 0000665060
|b Buku
|c Koleksi Pinjaman Kanak-Kanak
|e Perbadanan Perpustakaan Awam Melaka
|